Consultation on marine licensing for Scotland under the Marine (Scotland) Act 2010 and the Marine and Coastal Access Act 2009 (Record no. 111015)

MARC details
000 -LEADER
fixed length control field 01147cad a22002055a 4500
001 - CONTROL NUMBER
control field E150909
008 - FIXED-LENGTH DATA ELEMENTS--GENERAL INFORMATION
fixed length control field 100914s2010 xxk f s000 0 eng d
020 ## - INTERNATIONAL STANDARD BOOK NUMBER
International Standard Book Number 9780755994953
035 ## - SYSTEM CONTROL NUMBER
System control number (Sirsi) u150909
041 0# - LANGUAGE CODE
Language code of text/sound track or separate title eng
110 2# - MAIN ENTRY--CORPORATE NAME
Corporate name or jurisdiction name as entry element Marine Scotland
9 (RLIN) 5740
245 00 - TITLE STATEMENT
Title Consultation on marine licensing for Scotland under the Marine (Scotland) Act 2010 and the Marine and Coastal Access Act 2009
Medium [electronic resource]
260 ## - PUBLICATION, DISTRIBUTION, ETC.
Place of publication, distribution, etc. Edinburgh
Name of publisher, distributor, etc. Scottish Government
Date of publication, distribution, etc. 2010
520 ## - SUMMARY, ETC.
Summary, etc. Seeks views on a proposed marine licensing system, and comments are invited on: the application process; fee structure; statutory consultees; appeals against licensing decisions; public register; exemptions; registration of activities below specified threshold of environmental impact; appeals against statutory notices. Deadline for comments is 1 December 2010.
590 ## - LOCAL NOTE (RLIN)
Local note KA
651 #4 - SUBJECT ADDED ENTRY--GEOGRAPHIC NAME
Geographic name Scotland
Chronological subdivision 1999-
690 ## - LOCAL SUBJECT ADDED ENTRY--TOPICAL TERM (OCLC, RLIN)
Topical term or geographic name as entry element PROPERTY-RURAL AND NATURAL ASSETS-MARINE RESOURCES-MARINE RESOURCE MANAGEMENT
856 40 - ELECTRONIC LOCATION AND ACCESS
Uniform Resource Identifier <a href="https://www.scotland.gov.uk/Publications/2010/09/08154314/0">https://www.scotland.gov.uk/Publications/2010/09/08154314/0</a>
Public note View the consultation free of charge at www.scotland.gov.uk
942 ## - ADDED ENTRY ELEMENTS (KOHA)
Suppress in OPAC 0
Holdings
Withdrawn status Lost status Source of classification or shelving scheme Damaged status Not for loan Home library Current library Shelving location Date acquired Total Checkouts Full call number Barcode Date last seen Copy number Price effective from Koha item type
    Dewey Decimal Classification     Virtual Virtual Online 14/09/2010   ONLINE PUBLICATION 150909-2001 06/08/2019 1 06/08/2019 Book